I spy a school bus / (Record no. 3275)

MARC details
000 -LEADER
fixed length control field 00632nam a22002057a 4500
001 - CONTROL NUMBER
control field 3275
003 - CONTROL NUMBER IDENTIFIER
control field FISKH
005 - DATE AND TIME OF LATEST TRANSACTION
control field 20240222160545.0
008 - FIXED-LENGTH DATA ELEMENTS--GENERAL INFORMATION
fixed length control field 240222b cb ||||| |||| 00| 0 eng d
040 ## - CATALOGING SOURCE
Original cataloging agency FISKH
Language of cataloging eng
Transcribing agency FISKH
Modifying agency FISKH
050 ## - LIBRARY OF CONGRESS CALL NUMBER
Classification number GV1507.P47
082 ## - DEWEY DECIMAL CLASSIFICATION NUMBER
Classification number 793.73
100 ## - MAIN ENTRY--PERSONAL NAME
Personal name Marzollo, Jean
Dates associated with a name 1942-2018
245 ## - TITLE STATEMENT
Title I spy a school bus /
Statement of responsibility, etc. Jean Marzollo
260 ## - PUBLICATION, DISTRIBUTION, ETC.
Place of publication, distribution, etc. Scholastic :
Name of publisher, distributor, etc. Jean Marzollo ,
Date of publication, distribution, etc. 2003
300 ## - PHYSICAL DESCRIPTION
Extent 30 unnumbered pages :
Other physical details color illustrations :
Dimensions 23 cm
520 ## - SUMMARY, ETC.
Summary, etc. Simple text challenges the reader to find objects hidden in the photographs.
700 ## - ADDED ENTRY--PERSONAL NAME
Personal name Jean Marzollo
942 ## - ADDED ENTRY ELEMENTS (KOHA)
Source of classification or shelving scheme Dewey Decimal Classification
Koha item type Books
Suppress in OPAC No
Holdings
Withdrawn status Lost status Source of classification or shelving scheme Damaged status Not for loan Collection Home library Current library Shelving location Date acquired Total Checkouts Full call number Barcode Date last seen Copy number Price effective from Koha item type
    Dewey Decimal Classification     Fiction Footprints International School Library Network Toul Kork Campus Footprints International School Library Network Toul Kork Campus   02/22/2024   MAR GV1507.P47 793.73 2024-0100 02/22/2024 1 02/22/2024 Books